A COVID-19 pandémia hatása az Accor szállodaláncra az ALLSAFE program elemzése

Bibliográfiai részletek
Szerző: Mikácsy Réka Tícia
További közreműködők: Sikó Dr. Botond
Dokumentumtípus: Projektmunka
Kulcsszavak:Accor Hotels
fenntarthatóság
higiénia
interjúk
koronavírus-járvány (COVID-19)
Online Access:http://dolgozattar.uni-bge.hu/60118

MARC

LEADER 00000nnm a2200000 i 4500
001 dolg60118
005 20260409150019.0
008 260409suuuu hu o 000 hun d
040 |a BGE Dolgozattár Repozitórium  |b hun 
041 |a hu 
100 1 |a Mikácsy Réka Tícia 
245 1 2 |a A COVID-19 pandémia hatása az Accor szállodaláncra  |b az ALLSAFE program elemzése  |c Mikácsy Réka Tícia  |h [elektronikus dokumentum] 
516 |a Project_work 
520 3 |a Projektmunkámban elsőként bemutattam a Nemzeti Hotelt, ahol a szakmai gyakorlatomat végeztem, majd a front office működését és jelentőségét mutattam be. Ezek után az Accor szállodaláncról gyűjtöttem szakirodalmat. Bemutattam, hogy hogyan hatott a koronavírus járvány a szállodaláncra, és, hogy milyen intézkedések léptek életbe a turizmus újbóli fellendítése érdekében. Különös figyelmet fordítottam az ALLSAFE programra, ezt részleteztem leginkább. A szakirodalmi rész után a három kollégámmal készített interjúkat elemeztem. Zárásként pedig összefoglaltam a dolgozatot, és javaslatot tettem, hogy milyen intézkedéseket vezethetnének még be a szállodaiparban az emberek biztonsága érdekében. 
695 |a Accor Hotels 
695 |a fenntarthatóság 
695 |a higiénia 
695 |a interjúk 
695 |a koronavírus-járvány (COVID-19) 
700 1 |a Sikó Dr. Botond  |e ths 
856 4 0 |u http://dolgozattar.uni-bge.hu/60118/1/A%20COVID-19%20pand%C3%A9mia%20hat%C3%A1sa%20az%20Accor%20sz%C3%A1llodal%C3%A1ncra%2C%20az%20ALLSAFE%20program%20elemz%C3%A9se.pdf  |z Dokumentum-elérés 
856 4 0 |u http://dolgozattar.uni-bge.hu/60118/2/Mik%C3%A1csy.pdf  |z Dokumentum-elérés